00422cam a22001331 4500082002800000100002600028245007300054260003200127300003200159526003700191650000800228650002500236700002700261 a671.73bGAIcL-17, P-461 aGailer, John William.00aProtective coatings for metalsc[by] J. W. Gailer and E. J. Vaughan. aLondon,bC. Griffin,c1950. axiv, 261 p.billus.c23 cm. a0b0c0d671_730000000000000_GAI 0aMCE 0aProtective coatings.1 aVaughan, Ernest James,